000 00619cam a2200181 a 4500
001 000006033
005 20200929151908.0
008 761112s1925 sp 000 0 spa
040 _aDO-SdBNP
_bspa
_cBNPHU
082 _annn
_bF727e
100 1 _aForner, Juan Pablo,
_d1756-1797.
_913680
245 1 0 _aExequias de la lengua castellana /
_cDon Juan Pablo Forner ; edición y notas Pedro Sáinz y Rodríguez.
260 _aMadrid :
_bLa Lectura,
_c1925.
300 _a294 p. ;
_c19 cm.
490 1 _aClásicos Castellanos
700 1 _aSáinz y Rodríguez, Pedro,
_d1898-
_eed.
_917013
830 0 _aClásicos Castellanos
_94180
999 _c5829
_d5829